000 00736nam a22002057a 4500
005 20250407122206.0
010 _aENG-144524
020 _a9789387865143
_c600.00
035 _aEN-128056
037 _bDBAD
082 _a301.3
_21
245 _aState Level on Impact of Education on Sustainable Enviromental Management/
_cEdited by T. Ravichandran [and] M. Anbuchezhian
260 _aChennai
_bForschung Publications
_c2019
270 _aMogappair
_bChennai
_k9626166683
_mforchungpublications@gmail.com
300 _a141p.
_c24cm(pbk)
500 _aIncludes bibliographical references
700 _aRavichandran, T.
_eEditor
_980376
700 _aAnbuchezhian, M.
_eEditor
_980377
942 _2ddc
_cEN
_h301.3
_mSTA
999 _c210851
_d210851